书目信息 |
| 题名: |
扁桃
|
|
| 作者: | 刘鑫 主编 | |
| 分册: | ||
| 出版信息: | 北京 中国林业出版社 2020 |
|
| 页数: | 12,116页 | |
| 开本: | 21cm | |
| 丛书名: | “特色经济林丰产栽培技术”丛书 | |
| 单 册: | ||
| 中图分类: | S662.9 , S662 | |
| 科图分类: | ||
| 主题词: | 扁桃--果树园艺 | |
| 电子资源: | ||
| ISBN: | 978-7-5219-0583-0 | |
| 000 | 00861nam0 2200253 450 | |
| 001 | 2366341314 | |
| 005 | 20231102182620.97 | |
| 010 | @a978-7-5219-0583-0@dCNY38.00 | |
| 100 | @a20201231d2020 em y0chiy50 ea | |
| 101 | 0 | @achi |
| 102 | @aCN@b110000 | |
| 105 | @aa z 000yy | |
| 200 | 1 | @a扁桃@9bian tao@f刘鑫主编 |
| 210 | @a北京@c中国林业出版社@d2020 | |
| 215 | @a12,116页@c照片@d21cm | |
| 225 | 1 | @a“特色经济林丰产栽培技术”丛书 |
| 330 | @a本书系统地介绍了扁桃的价值、适生区、栽培现状、生物学特性、品种、栽培技术、整形修剪、病虫害防治、采收加工等一整套生产管理技术,以实用技术为主,结合扁桃栽培管理周年历,为指导生产提供参考。 | |
| 461 | 0 | @12001 @a“特色经济林丰产栽培技术”丛书 |
| 606 | 0 | @a扁桃@x果树园艺 |
| 690 | @aS662.9@v5 | |
| 690 | @aS662@v4 | |
| 701 | 0 | @a刘鑫@9liu xin@4主编 |
| 801 | 0 | @aCN@b91MARC@c20201231 |
| 905 | @aBZT@dS662@e1 | |
| 扁桃/刘鑫主编.-北京:中国林业出版社,2020 |
| 12,116页:照片;21cm.-(“特色经济林丰产栽培技术”丛书) |
| ISBN 978-7-5219-0583-0:CNY38.00 |
| 本书系统地介绍了扁桃的价值、适生区、栽培现状、生物学特性、品种、栽培技术、整形修剪、病虫害防治、采收加工等一整套生产管理技术,以实用技术为主,结合扁桃栽培管理周年历,为指导生产提供参考。 |
| ● |
| 相关链接 |
|
|
|
正题名:扁桃
索取号:S662/1
 
预约/预借
| 序号 | 登录号 | 条形码 | 馆藏地/架位号 | 状态 | 备注 |
| 1 | 2000977536 | 2000977536 | 中教、安徽混合/山东中教(第一批)/78/ [索取号:S662/1] | 在馆 | |
| 2 | 2000977537 | 2000977537 | 中教、安徽混合/山东中教(第一批)/78/ [索取号:S662/1] | 在馆 | |
| 3 | 2000977538 | 2000977538 | 中教、安徽混合/山东中教(第一批)/78/ [索取号:S662/1] | 在馆 | |
| 4 | 2000977539 | 2000977539 | 中教、安徽混合/山东中教(第一批)/78/ [索取号:S662/1] | 在馆 | |
| 5 | 2000977540 | 2000977540 | 中教、安徽混合/山东中教(第一批)/78/ [索取号:S662/1] | 在馆 | |
| 6 | 2000977541 | 2000977541 | 中教、安徽混合/山东中教(第一批)/78/ [索取号:S662/1] | 在馆 |